000 01014nam a2200229Ia 4500
003 IN-BaIIA
008 211028s9999 xx 000 0 eng d
040 _cIIA Library
080 _a063:53
_bENF-30
100 _aSpiers, F.W.
_94669
111 _aInternational School of Physics 'Enrico Fermi" Course
_cVarenna Sul Lago di Como, Villa Monastero
_d1963 Aug. 5th - 17th
_94670
245 0 _aRadiation dosimetry
_bproceedings of the international school of physics "Enrico Fermi" course held in Varenna Sul Lago di Como, Villa Monastero 5th - 17th August, 1963
_c F.W. Spiers and G.W. Reed
260 _aNew York
_bAcademic Press
_c1964
300 _aviii, 308p.
490 _aProceedings of the International School of Physics Enrico Fermi Course; v. 30
650 _aAstronomy and Astrophysics Thesaurus
650 _aDosimeters
_94671
650 _aRadiation Effects
_94672
650 _aRadiation Measurement
_91863
700 _aReed, G.W.
_94673
942 _cBK
999 _c2629
_d2629